00497 a2200181 450000100060000002000150000604000240002110000250004524000300007024500250010030000070012536200090013244000150014165000310015694200070018795201040019499900170029869674 a8516039404 cAnchieta - Itaigara aGannett, Ruth Stiles10aAderbal e o dragãolpor10aAderbal e o dragão a870 a2004 1aSalamandra 4aLiteratura infanto-juvenil cBK 00104070a88.1b88.1d2023-11-21l0o028.5 GAN ADEp2245/ITAr2023-11-21 20:04:19w2023-11-21yBK c69674d69674